000
00305nam a2200121Ia 4500
008
230907s9999||||xx |||||||||||||| ||und||
082
_a
363.7
_b
ENG
245
0
_a
Environmental science :
260
_a
McGraw-Hill,
_b
Dubuque :
_c
2013
300
_a
xxv, 485 p. :
650
_a
Textbooks.
_9
8511
942
_c
BK
999
_c
600963
_d
600963